[Event "Bulgaria tch 2005 femenino"]
[Site "Sunny Beach BUL"]
[Date "2005.09.28"]
[Round "4.1"]
[White "Velcheva, Maria"]
[Black "Zlatanova, Emilia"]
[Result "1/2-1/2"]
[WhiteElo "2274"]
[BlackElo "2147"]
[PlyCount "122"]
[EventDate "2005.09.26"]
[EventType "tourn"]
[EventRounds "9"]
[EventCountry "BUL"]
[Source "lmi"]
[SourceDate "2005.10.02"]

1. e4 e5 2. Nf3 Nc6 3. d4 exd4 4. Nxd4 Nf6 5. Nxc6 bxc6 6. Bd3 d5 7. e5 Ng4 8.
O-O Bc5 9. Qe2 Qh4 10. h3 h5 11. Nd2 Nh6 12. Nf3 Qe7 13. Bg5 Qe6 14. Be3 Bxe3
15. Qxe3 Nf5 16. Bxf5 Qxf5 17. Nd4 Qg6 18. f4 c5 19. Nb3 c4 20. Nc5 Bf5 21. c3
Qb6 22. b4 a5 23. a3 O-O 24. Qf3 Qg6 25. Kh2 c6 26. Nb7 axb4 27. axb4 Be4 28.
Qf2 Bd3 29. Rfe1 Qh6 30. Qg3 Bf5 31. Nd6 Qe6 32. Qg5 g6 33. Nxf5 Qxf5 34. Qxf5
gxf5 35. g4 hxg4 36. hxg4 fxg4 37. Kg3 f5 38. exf6 Rxa1 39. Rxa1 Rxf6 40. Kxg4
d4 41. cxd4 Rd6 42. Rd1 c3 43. Kf3 c2 44. Rg1+ Kf7 45. Ke3 Rg6 46. Rc1 Rg3+ 47.
Kd2 Rf3 48. Rxc2 Rxf4 49. Ke3 Rf6 50. Kd3 Ke7 51. Kc4 Kd6 52. Rd2 Rf1 53. Rc2
Rh1 54. Rc3 Rg1 55. Rh3 Rc1+ 56. Rc3 Rg1 57. Kd3 Rd1+ 58. Ke3 Re1+ 59. Kd2 Rb1
60. Rc4 Kd5 61. Rc5+ Kxd4 1/2-1/2

[Event "Bulgaria tch 2005 femenino"]
[Site "Sunny Beach BUL"]
[Date "2005.09.28"]
[Round "4.1"]
[White "Dimitrova, Leila"]
[Black "Ilieva, Hristina"]
[Result "1/2-1/2"]
[WhiteElo "2119"]
[BlackElo "2137"]
[PlyCount "84"]
[EventDate "2005.09.26"]
[EventType "tourn"]
[EventRounds "9"]
[EventCountry "BUL"]
[Source "lmi"]
[SourceDate "2005.10.02"]

1. e4 c6 2. Nf3 d5 3. e5 Bg4 4. Be2 e6 5. O-O c5 6. d4 Nc6 7. c3 Nge7 8. Be3
Nf5 9. h3 Bxf3 10. Bxf3 Rc8 11. Bg4 cxd4 12. cxd4 Nxe3 13. fxe3 Be7 14. Nc3 O-O
15. Ne2 Qb6 16. Rb1 Bg5 17. Rf3 Na5 18. Nf4 Nc4 19. Qe1 Rc6 20. h4 Bxf4 21.
Rxf4 Qa5 22. Qxa5 Nxa5 23. b4 Nc4 24. b5 Rb6 25. a4 a6 26. Be2 Rc8 27. Kf2 axb5
28. axb5 Ra8 29. Rb4 Ra2 30. Kf3 Nd2+ 31. Kf2 Kf8 32. Ke1 Ne4 33. Bd3 Rxg2 34.
Bxe4 dxe4 35. Rxe4 Ra2 36. Rf4 Ra5 37. Rc4 Rbxb5 38. Rc8+ Ke7 39. Rc7+ Kd8 40.
Rfxf7 Rb2 41. Rfd7+ Ke8 42. Re7+ Kd8 1/2-1/2

[Event "Bulgaria tch 2005 femenino"]
[Site "Sunny Beach BUL"]
[Date "2005.09.28"]
[Round "4.1"]
[White "Nikolova, Adriana"]
[Black "Draganova, Petranka"]
[Result "1-0"]
[WhiteElo "2035"]
[BlackElo "2069"]
[PlyCount "120"]
[EventDate "2005.09.26"]
[EventType "tourn"]
[EventRounds "9"]
[EventCountry "BUL"]
[Source "lmi"]
[SourceDate "2005.10.02"]

1. e4 d5 2. exd5 Qxd5 3. Nc3 Qd8 4. d4 c6 5. Bc4 Bf5 6. Nf3 e6 7. Qe2 Be7 8.
Bb3 Nf6 9. Bg5 h6 10. Bd2 Nbd7 11. O-O-O Qc7 12. Nh4 Bh7 13. f4 Ne4 14. Nxe4
Bxh4 15. Qh5 Bxe4 16. Qxh4 Nf6 17. Qg3 Rg8 18. Qf2 Qb6 19. Rhg1 O-O-O 20. Be3
Nd5 21. Qe1 Nxe3 22. Qxe3 Bg6 {Diagram #} 23. Bxe6+ $1 Kb8 24. Bb3 Rge8 25. Qf2
Re4 26. c3 Qc7 27. g3 Rde8 28. Rde1 Qe7 29. Kd2 Bh5 30. Rxe4 Qxe4 31. Re1 Qxe1+
32. Qxe1 Rxe1 33. Kxe1 Kc7 34. Kd2 Kd6 35. Ke3 f6 36. Ke4 Bg4 37. c4 Bh3 38.
Bd1 Bd7 39. a3 Be6 40. Be2 Bd7 41. c5+ Ke7 42. d5 cxd5+ 43. Kxd5 Bc6+ 44. Kd4
g5 45. f5 Kd7 46. b4 Kc7 47. b5 Be8 48. a4 b6 49. c6 Kd6 50. g4 Ke7 51. Bc4 h5
52. h3 hxg4 53. hxg4 Kd6 54. Be6 a6 55. Bd5 axb5 56. axb5 Kc7 57. Bg8 Kd6 58.
Be6 Kc7 59. Kd5 Bh5 60. gxh5 g4 1-0

[Event "Bulgaria tch 2005 femenino"]
[Site "Sunny Beach BUL"]
[Date "2005.09.28"]
[Round "4.2"]
[White "Genova, Ruzka"]
[Black "Vladimirova, Maria"]
[Result "1-0"]
[WhiteElo "2219"]
[BlackElo "1953"]
[PlyCount "49"]
[EventDate "2005.09.26"]
[EventType "tourn"]
[EventRounds "9"]
[EventCountry "BUL"]
[Source "lmi"]
[SourceDate "2005.10.02"]

1. d4 d5 2. Nf3 Nf6 3. c4 dxc4 4. e3 Bg4 5. Bxc4 e6 6. h3 Bh5 7. Qb3 Bxf3 8.
gxf3 Nbd7 9. Qxb7 c5 10. Nc3 cxd4 11. exd4 Rc8 12. Bb3 Rc7 13. Qb5 Bd6 14. Rg1
Qc8 15. Bd2 a6 16. Qg5 g6 17. h4 h5 18. Qe3 Kf8 19. Qd3 Nb6 20. Ne4 Be7 21. Ng5
Nfd5 {Diagram #} 22. Nxf7 $1 Rg8 23. Ng5 Bb4 24. a3 Nf4 25. Bxb4+ 1-0

[Event "Bulgaria tch 2005 femenino"]
[Site "Sunny Beach BUL"]
[Date "2005.09.28"]
[Round "4.2"]
[White "Vladimirova, Diana"]
[Black "Savova, Stefka"]
[Result "0-1"]
[WhiteElo "1771"]
[BlackElo "2211"]
[PlyCount "70"]
[EventDate "2005.09.26"]
[EventType "tourn"]
[EventRounds "9"]
[EventCountry "BUL"]
[Source "lmi"]
[SourceDate "2005.10.02"]

1. e4 c5 2. Nc3 d6 3. g3 Nc6 4. d3 g6 5. Be3 Bg7 6. Qd2 Nd4 7. Bg2 Rb8 8. Nge2
b5 9. O-O h5 10. Nd1 Bg4 11. f3 Nxe2+ 12. Qxe2 Be6 13. Bf2 Qc8 14. c3 Nh6 15.
h4 O-O 16. Kh2 Re8 17. Qd2 Kh7 18. Be3 b4 19. Nf2 bxc3 20. bxc3 Qb7 21. Nh3
Bxh3 22. Kxh3 Qb2 23. Qxb2 Rxb2 24. d4 cxd4 25. Bxd4 a5 26. Rfb1 Reb8 27. Rxb2
Rxb2 28. Bf1 f5 29. Bxg7 Kxg7 30. exf5 gxf5 31. Bd3 Kf6 32. Bc4 e6 33. Bb3 d5
34. Rd1 Ng4 35. Rf1 Rh2# 0-1

[Event "Bulgaria tch 2005 femenino"]
[Site "Sunny Beach BUL"]
[Date "2005.09.28"]
[Round "4.3"]
[White "Andreeva, Veronika"]
[Black "Boneva, Zvezdelina"]
[Result "0-1"]
[WhiteElo "1905"]
[BlackElo "2010"]
[PlyCount "105"]
[EventDate "2005.09.26"]
[EventType "tourn"]
[EventRounds "9"]
[EventCountry "BUL"]
[Source "lmi"]
[SourceDate "2005.10.02"]

1. d4 d5 2. Nf3 Nf6 3. c4 e6 4. Nc3 Be7 5. Bg5 b6 6. e3 O-O 7. Be2 Bb7 8. O-O
Nbd7 9. cxd5 Nxd5 10. Bxe7 Qxe7 11. Qc2 N7f6 12. Rac1 Rac8 13. Rfd1 c5 14. Qb3
Rfd8 15. dxc5 Rxc5 16. Na4 Rc7 17. Nd4 Ne4 18. Nb5 Rxc1 19. Rxc1 a6 20. Nd4 b5
21. Nc3 Rc8 22. Bd3 Ndxc3 23. bxc3 Nc5 24. Qc2 Nxd3 25. Qxd3 Qa3 26. Rc2 Bd5
27. Qd2 h6 28. f3 Bc4 29. e4 Qc5 30. Qf2 Bd3 31. Rc1 b4 32. Nb3 Qc4 33. Qd4
bxc3 34. Qxc4 Rxc4 35. Kf2 f5 36. Ke3 fxe4 37. fxe4 Bxe4 38. g3 Bg6 39. h4 h5
40. Na5 Ra4 41. Nc6 Rxa2 42. Rxc3 Kf7 43. Kd4 Kf6 44. Nb8 Be8 45. Rf3+ Ke7 46.
Kc5 Ra5+ 47. Kb6 Rb5+ 48. Ka7 a5 49. Na6 Bc6 50. Rf4 Rb7+ 51. Ka8 Rb4+ 52. Ka7
Rxf4 53. gxf4 0-1

[Event "Bulgaria tch 2005 femenino"]
[Site "Sunny Beach BUL"]
[Date "2005.09.28"]
[Round "4.3"]
[White "Nedelcheva, Vania"]
[Black "Bednikova, Stefi"]
[Result "0-1"]
[WhiteElo "1705"]
[BlackElo "2053"]
[PlyCount "32"]
[EventDate "2005.09.26"]
[EventType "tourn"]
[EventRounds "9"]
[EventCountry "BUL"]
[Source "lmi"]
[SourceDate "2005.10.02"]

1. c4 e5 2. Nc3 Nc6 3. g3 g6 4. Bg2 Bg7 5. e3 Nge7 6. Nge2 O-O 7. O-O d6 8. b3
Be6 9. Bb2 d5 10. cxd5 Nxd5 11. Qc2 Ndb4 12. Qd1 Nd3 13. Ba3 Re8 14. Nc1 f5 15.
Qc2 Ncb4 16. Nxd3 Nxc2 0-1

[Event "Bulgaria tch 2005 femenino"]
[Site "Sunny Beach BUL"]
[Date "2005.09.28"]
[Round "4.4"]
[White "Djingarova, Emilia"]
[Black "Shtereva, Slaveja"]
[Result "1-0"]
[WhiteElo "2277"]
[BlackElo "2118"]
[PlyCount "105"]
[EventDate "2005.09.26"]
[EventType "tourn"]
[EventRounds "9"]
[EventCountry "BUL"]
[Source "lmi"]
[SourceDate "2005.10.02"]

1. e4 c5 2. Nf3 e6 3. d4 cxd4 4. Nxd4 a6 5. Nc3 b5 6. Bd3 Qb6 7. Nb3 Qc7 8. Qe2
Bb7 9. f4 d6 10. a4 b4 11. Nd1 Nd7 12. Nf2 Ngf6 13. Bd2 a5 14. Rc1 Nc5 15. Bb5+
Nfd7 16. O-O Be7 17. Nxc5 dxc5 18. c3 O-O 19. cxb4 axb4 20. Nd3 Nf6 21. e5 Ne4
22. Bxb4 Qd8 23. Be1 Qd4+ 24. Kh1 Rfd8 25. Nf2 Rac8 26. Nxe4 Qxe4 27. Qxe4 Bxe4
28. Bc3 c4 29. Ba5 Rd4 30. Rfd1 Bd3 31. Bb6 Rd5 32. Kg1 g5 33. g3 gxf4 34. gxf4
Kh8 35. Kf2 f6 36. b3 fxe5 37. bxc4 Bh4+ 38. Kf3 e4+ 39. Ke3 Rf5 40. Bd4+ Bf6
41. Bxf6+ Rxf6 42. c5 Rcf8 43. Bxd3 exd3 44. Rc4 Rh6 45. Rxd3 Rxh2 46. c6 Rh3+
47. Kd2 Rxd3+ 48. Kxd3 Kg7 49. c7 Rc8 50. a5 Kf7 51. a6 Ke7 52. a7 Kd7 53. Rd4+
1-0

[Event "Bulgaria tch 2005 femenino"]
[Site "Sunny Beach BUL"]
[Date "2005.09.28"]
[Round "4.4"]
[White "Georgieva, Emilia"]
[Black "Chilingirova, Pavlina"]
[Result "1-0"]
[WhiteElo "2076"]
[BlackElo "2200"]
[PlyCount "115"]
[EventDate "2005.09.26"]
[EventType "tourn"]
[EventRounds "9"]
[EventCountry "BUL"]
[Source "lmi"]
[SourceDate "2005.10.02"]

1. d4 d6 2. Nf3 g6 3. c3 Bg7 4. Bf4 Nd7 5. e3 e5 6. Bg3 Nh6 7. Qb3 Nf5 8. Nbd2
Nxg3 9. hxg3 Nb6 10. Be2 Be6 11. Qc2 Qe7 12. a4 exd4 13. cxd4 Nd5 14. a5 O-O
15. e4 Nb4 16. Qa4 d5 17. e5 Bf5 18. Rc1 b6 19. O-O c5 20. Rfe1 Bh6 21. Red1
Bd3 22. Bxd3 Nxd3 23. Rc2 c4 24. a6 Qe8 25. Qa3 b5 26. Nf1 b4 27. Qa5 Qb8 28.
Qa4 b3 29. Re2 Qb6 30. Ne3 Bxe3 31. fxe3 Rad8 32. Ne1 Nxe1 33. Rdxe1 f6 34.
exf6 Rxf6 35. Ra1 Qc7 36. e4 dxe4 37. Rxe4 Qxg3 38. Qxc4+ Kh8 39. Qe2 Rdf8 40.
Re8 Kg7 41. Rxf8 Kxf8 42. Re1 Qd6 43. Qe8+ Kg7 44. Qe7+ Kh6 45. Qe3+ g5 46. g4
Rf4 47. Qe6+ Qxe6 48. Rxe6+ Kg7 49. Re7+ Kg6 50. d5 Rxg4+ 51. Kf2 Rf4+ 52. Ke3
Rf1 53. Rb7 g4 54. Ke4 g3 55. Rxb3 Rf6 56. Rxg3+ Kf7 57. Rf3 Rxf3 58. Kxf3 1-0

[Event "Bulgaria tch 2005 femenino"]
[Site "Sunny Beach BUL"]
[Date "2005.09.29"]
[Round "5.1"]
[White "Andreeva, Plamena"]
[Black "Collas, Silvia"]
[Result "0-1"]
[WhiteElo "2072"]
[BlackElo "2372"]
[PlyCount "66"]
[EventDate "2005.09.26"]
[EventType "tourn"]
[EventRounds "9"]
[EventCountry "BUL"]
[Source "lmi"]
[SourceDate "2005.10.02"]

1. e4 c5 2. Nc3 e6 3. Nge2 a6 4. g3 b5 5. Bg2 Bb7 6. O-O h5 7. h3 Nf6 8. d3 b4
9. Na4 d5 10. e5 Nfd7 11. f4 Bc6 12. c4 d4 13. a3 a5 14. Kh2 Be7 15. Ng1 Qc7
16. Bxc6 Qxc6 17. Nf3 Nf8 18. Nd2 Ra6 19. Ne4 Nbd7 20. Bd2 Ng6 21. b3 f5 22.
Nf2 h4 23. g4 {Diagram #} Ngxe5 $1 24. fxe5 Nxe5 25. Nh1 fxg4 26. hxg4 h3 27.
Qe2 Rh4 28. Bf4 Nxg4+ 29. Kg3 e5 30. Bd2 Qg6 31. Qe4 Ne3+ 32. Qxg6+ Rxg6+ 33.
Kf2 Rg2+ 0-1

[Event "Bulgaria tch 2005 femenino"]
[Site "Sunny Beach BUL"]
[Date "2005.09.29"]
[Round "5.1"]
[White "Shtereva, Slaveja"]
[Black "Bednikova, Stefi"]
[Result "0-1"]
[WhiteElo "2118"]
[BlackElo "2053"]
[PlyCount "86"]
[EventDate "2005.09.26"]
[EventType "tourn"]
[EventRounds "9"]
[EventCountry "BUL"]
[Source "lmi"]
[SourceDate "2005.10.02"]

1. c4 e5 2. Nc3 Nc6 3. g3 g6 4. Bg2 Bg7 5. d3 Nge7 6. e4 O-O 7. Nge2 d6 8. O-O
Be6 9. Nd5 Qd7 10. Bg5 f6 11. Be3 Nd8 12. f4 f5 13. Qd2 c6 14. Nxe7+ Qxe7 15.
Rac1 Nf7 16. b3 Rfd8 17. exf5 Bxf5 18. Nc3 exf4 19. Bxf4 Qd7 20. Ne4 Re8 21.
Rce1 Re7 22. Nf2 Rae8 23. Rxe7 Qxe7 24. g4 Bc8 25. g5 Bd4 26. Be4 Bh3 27. Rd1
Rf8 28. Be3 Bxe3 29. Qxe3 Qxg5+ 30. Qxg5 Nxg5 31. Bg2 Bxg2 32. Kxg2 Re8 33. h4
Nf7 34. Ne4 Kg7 35. Kf2 Re5 36. b4 d5 37. cxd5 Rxd5 38. Ke3 Nh6 39. Nc5 Nf5+
40. Ke4 b6 41. Ne6+ Kf6 42. Ng5 Rd4+ 43. Kf3 Nxh4+ 0-1

[Event "Bulgaria tch 2005 femenino"]
[Site "Sunny Beach BUL"]
[Date "2005.09.29"]
[Round "5.1"]
[White "Tsvetkova, Svetlana"]
[Black "Georgieva, Emilia"]
[Result "1-0"]
[WhiteElo "1906"]
[BlackElo "2076"]
[PlyCount "101"]
[EventDate "2005.09.26"]
[EventType "tourn"]
[EventRounds "9"]
[EventCountry "BUL"]
[Source "lmi"]
[SourceDate "2005.10.02"]

1. e4 c6 2. d4 d5 3. exd5 cxd5 4. Nf3 Bf5 5. Bf4 Nf6 6. Be2 Qa5+ 7. c3 Nbd7 8.
O-O h6 9. Nbd2 e6 10. Re1 Be7 11. Qb3 Qb6 12. Bf1 O-O 13. Ne5 Qxb3 14. axb3
Nxe5 15. Bxe5 Nd7 16. Bf4 g5 17. Bg3 h5 18. h3 a6 19. Be2 h4 20. Bh2 Kh7 21.
Rac1 Rg8 22. Kh1 g4 23. hxg4 Bxg4 24. Bd3+ Kh8 25. Bf4 Bg5 26. Bxg5 Rxg5 27.
Nf1 h3 28. Ng3 hxg2+ 29. Kxg2 Rag8 30. Rh1+ Kg7 31. f4 Rg6 32. Bxg6 Kxg6 33.
Rh4 Kf6 34. Kf2 Ke7 35. Rg1 f5 36. Rh7+ Kd6 37. Nf1 Nf6 38. Rxb7 Ne4+ 39. Ke1
Rh8 40. Ne3 Rh4 41. Rb6+ Ke7 42. Rxa6 Bf3 43. Ra7+ Kf6 44. Rgg7 Rh1+ 45. Nf1
Nd6 46. Rh7 Rxh7 47. Rxh7 Kg6 48. Re7 Kf6 49. Rd7 Nb5 50. Ng3 Bg4 51. Kd2 1-0

[Event "Bulgaria tch 2005 femenino"]
[Site "Sunny Beach BUL"]
[Date "2005.09.29"]
[Round "5.2"]
[White "Boneva, Zvezdelina"]
[Black "Vladimirova, Diana"]
[Result "1/2-1/2"]
[WhiteElo "2010"]
[BlackElo "1771"]
[PlyCount "23"]
[EventDate "2005.09.26"]
[EventType "tourn"]
[EventRounds "9"]
[EventCountry "BUL"]
[Source "lmi"]
[SourceDate "2005.10.02"]

1. e4 e5 2. Nf3 Nc6 3. Bc4 Nf6 4. d4 exd4 5. O-O d6 6. Nxd4 Nxd4 7. Qxd4 Be7 8.
Nc3 O-O 9. Bf4 Bg4 10. e5 dxe5 11. Bxe5 Qxd4 12. Bxd4 1/2-1/2

[Event "Bulgaria tch 2005 femenino"]
[Site "Sunny Beach BUL"]
[Date "2005.09.29"]
[Round "5.3"]
[White "Zlatanova, Emilia"]
[Black "Genova, Ruzka"]
[Result "0-1"]
[WhiteElo "2147"]
[BlackElo "2219"]
[PlyCount "111"]
[EventDate "2005.09.26"]
[EventType "tourn"]
[EventRounds "9"]
[EventCountry "BUL"]
[Source "lmi"]
[SourceDate "2005.10.02"]

1. e4 c5 2. Nc3 Nc6 3. g3 g6 4. Bg2 Bg7 5. d3 e5 6. Nh3 Nge7 7. f4 d6 8. O-O
Nd4 9. Nd5 Nxd5 10. exd5 O-O 11. c3 Nf5 12. Ng5 Ne7 13. fxe5 dxe5 14. c4 Qb6
15. Be3 Nf5 16. Bf2 Nd4 17. Bxd4 exd4 18. Qe2 Bf5 19. g4 Rae8 20. Be4 Bd7 21.
Qg2 h6 22. Nh3 Re5 23. Kh1 Qd6 24. Rf2 Bf6 25. Raf1 Bh4 26. Re2 h5 27. gxh5
Rxh5 28. Bf3 Rf5 29. Nf2 Rg5 30. Ne4 Rxg2 31. Nxd6 Rxe2 32. Bxe2 b6 33. Ne4 Kg7
34. Kg2 f5 35. Ng3 Re8 36. Bf3 Re3 37. Rd1 g5 38. Nf1 Re7 39. h3 Kf6 40. Ng3
Re8 41. Nh5+ Ke5 42. Rd2 Kd6 43. Nf6 Re3 44. Nxd7 Kxd7 45. Bh5 Kd6 46. Bf3 Ke5
47. Re2 Kf4 48. Rxe3 Kxe3 49. Bg4 fxg4 50. hxg4 Kxd3 51. d6 Kc2 52. d7 d3 53.
d8=Q d2 54. Qd7 d1=Q 55. Qxa7 Qxg4+ 56. Kf1 0-1

[Event "Bulgaria tch 2005 femenino"]
[Site "Sunny Beach BUL"]
[Date "2005.09.29"]
[Round "5.3"]
[White "Genova, Liubka"]
[Black "Dimitrova, Leila"]
[Result "1/2-1/2"]
[WhiteElo "2235"]
[BlackElo "2119"]
[PlyCount "166"]
[EventDate "2005.09.26"]
[EventType "tourn"]
[EventRounds "9"]
[EventCountry "BUL"]
[Source "lmi"]
[SourceDate "2005.10.02"]

1. e4 d6 2. d4 Nf6 3. Nc3 c6 4. Be3 Nbd7 5. f3 e5 6. Qd2 Be7 7. Nge2 b5 8. g4
b4 9. Nd1 Nb6 10. Ng3 Be6 11. Nf2 exd4 12. Bxd4 c5 13. Be3 d5 14. Nf5 Bxf5 15.
gxf5 d4 16. Bb5+ Nbd7 17. Bg5 Qb6 18. Qe2 a6 19. Ba4 O-O-O 20. a3 h6 21. Bd2 a5
22. axb4 cxb4 23. Qc4+ Bc5 24. Nd3 Rhe8 25. Qxf7 Re7 26. Qc4 Kb7 27. Qb5 Qxb5
28. Bxb5 Kb6 29. Bc4 Ne5 30. Nxe5 Rxe5 31. O-O-O Re7 32. Rhe1 Bd6 33. Re2 Kc5
34. Bb3 Nh5 35. Rg2 Bb8 36. Rgg1 Nf6 37. Rg2 Nh5 38. Kb1 Kb5 39. Be6 Nf4 40.
Rg4 Rxe6 41. fxe6 Nxe6 42. f4 Rf8 43. f5 Nc5 44. Re1 Be5 45. h3 d3 46. Rd1
dxc2+ 47. Kxc2 Rc8 48. Kb1 Na4 49. Bc1 Nb6 50. Rg6 Rc7 51. Re6 Bg3 52. Be3 Nc4
53. Rc1 Nxe3 54. Rxc7 Bxc7 55. Re7 Bf4 56. Rxg7 Bg5 57. Rf7 Nc4 58. f6 Kc6 59.
Re7 Kd6 60. Rh7 Bxf6 61. Rxh6 Ke6 62. Kc2 Ke5 63. Kb3 Nd6 64. Rh5+ Kxe4 65.
Rxa5 Nf5 66. Ra4 Be7 67. Rxb4+ Bxb4 68. Kxb4 Kd4 69. Kb5 Kd5 70. b4 Nd6+ 71.
Kb6 Kc4 72. Ka5 Nb7+ 73. Ka4 Nd6 74. h4 Kd5 75. Ka5 Ke6 76. Kb6 Kf5 77. Kc6 Nc4
78. b5 Kg4 79. Kc5 Na5 80. b6 Kxh4 81. Kb5 Nb7 82. Kc6 Na5+ 83. Kc7 Kg5 1/2-1/2

[Event "Bulgaria tch 2005 femenino"]
[Site "Sunny Beach BUL"]
[Date "2005.09.29"]
[Round "5.3"]
[White "Draganova, Petranka"]
[Black "Videnova, Iva"]
[Result "1/2-1/2"]
[WhiteElo "2069"]
[BlackElo "2050"]
[PlyCount "127"]
[EventDate "2005.09.26"]
[EventType "tourn"]
[EventRounds "9"]
[EventCountry "BUL"]
[Source "lmi"]
[SourceDate "2005.10.02"]

1. e4 c5 2. Nf3 Nc6 3. d4 cxd4 4. Nxd4 g6 5. Nc3 Bg7 6. Be3 Nf6 7. Nxc6 bxc6 8.
e5 Nd5 9. Nxd5 cxd5 10. Qxd5 Rb8 11. Bc4 O-O 12. O-O Bb7 13. Qd4 d6 14. Qxa7
Bxe5 15. Bd4 Qc8 16. Bxe5 Qxc4 17. Bc3 Qe4 18. f3 Qxc2 19. Qd4 f6 20. Rfe1 Rfe8
21. Qc4+ d5 22. Qc7 Kf7 23. Rac1 Qa4 24. a3 Qa7+ 25. Kh1 Rbc8 26. Qf4 Qb6 27.
Rcd1 Kg7 28. Qg4 e5 29. Qd7+ Kg8 30. Bd4 Qc6 31. Qxc6 Bxc6 32. Bc3 d4 33. Bb4
Ba4 34. Rc1 Kf7 35. Kg1 Ke6 36. Kf2 Kd5 37. Bd2 f5 38. b4 e4 39. Bg5 e3+ 40.
Kg3 Rxc1 41. Rxc1 d3 42. Rc5+ Kd6 43. Bf4+ Kd7 44. Rd5+ Kc8 45. Rxd3 e2 46.
Rc3+ Kb7 47. Bd2 e1=Q+ 48. Bxe1 Rxe1 49. Kf2 Re5 50. Re3 Rxe3 51. Kxe3 Bb5 52.
Kf4 Bf1 53. g4 fxg4 54. fxg4 h6 55. Ke5 Kb6 56. Kf6 Bd3 57. a4 Bc2 58. h4 h5
59. Kg5 hxg4 60. Kxg4 Bxa4 61. Kg5 Be8 62. Kf6 Kc7 63. Ke7 Bb5 64. Kf6 1/2-1/2

[Event "Bulgaria tch 2005 femenino"]
[Site "Sunny Beach BUL"]
[Date "2005.09.29"]
[Round "5.4"]
[White "Petkova, Veneta"]
[Black "Velcheva, Maria"]
[Result "0-1"]
[WhiteElo "1952"]
[BlackElo "2274"]
[PlyCount "48"]
[EventDate "2005.09.26"]
[EventType "tourn"]
[EventRounds "9"]
[EventCountry "BUL"]
[Source "lmi"]
[SourceDate "2005.10.02"]

1. e4 e5 2. Nf3 Nc6 3. Bb5 f5 4. Bxc6 bxc6 5. Nxe5 Qe7 6. d4 d6 7. Nxc6 Qxe4+
8. Qe2 Qxe2+ 9. Kxe2 Bb7 10. d5 Nf6 11. c4 Ba6 12. b3 (12. Na3 $14) 12... Nxd5
13. Kd3 (13. Rd1 $142) 13... Kd7 14. Nd4 g6 15. Bb2 Bg7 16. Bc3 Nf4+ 17. Kc2
Nxg2 18. Nd2 Rhe8 19. Rhg1 Bb7 20. Nb5 Bh6 21. Ba5 Rac8 22. Nc3 Re5 23. Bb4
Rce8 24. Ba3 Ne1+ 0-1

[Event "Bulgaria tch 2005 femenino"]
[Site "Sunny Beach BUL"]
[Date "2005.09.29"]
[Round "5.4"]
[White "Ilieva, Hristina"]
[Black "Jordanova, Svetla"]
[Result "1/2-1/2"]
[WhiteElo "2137"]
[BlackElo "2179"]
[PlyCount "45"]
[EventDate "2005.09.26"]
[EventType "tourn"]
[EventRounds "9"]
[EventCountry "BUL"]
[Source "lmi"]
[SourceDate "2005.10.02"]

1. d4 Nf6 2. Nf3 g6 3. c4 Bg7 4. Nc3 O-O 5. e4 d6 6. Be2 Na6 7. O-O e5 8. Re1
c6 9. d5 h6 10. Bf1 c5 11. a3 Bg4 12. h3 Bd7 13. Rb1 Ne8 14. b4 f5 15. Nd2 Nf6
16. Nb5 Bc8 17. Nc3 f4 18. bxc5 Nxc5 19. Na4 b6 20. Nxc5 bxc5 21. Bb2 Rf7 22.
Bc3 g5 23. Be2 1/2-1/2

[Event "Bulgaria tch 2005 femenino"]
[Site "Sunny Beach BUL"]
[Date "2005.09.29"]
[Round "5.4"]
[White "Doncheva, Marinela"]
[Black "Nikolova, Adriana"]
[Result "1/2-1/2"]
[WhiteElo "2070"]
[BlackElo "2035"]
[PlyCount "40"]
[EventDate "2005.09.26"]
[EventType "tourn"]
[EventRounds "9"]
[EventCountry "BUL"]
[Source "lmi"]
[SourceDate "2005.10.02"]

1. d4 Nf6 2. c4 e6 3. Nc3 Bb4 4. e3 d5 5. Bd3 O-O 6. Qc2 b6 7. cxd5 exd5 8. Nf3
c5 9. dxc5 bxc5 10. O-O Bb7 11. Rd1 Qe7 12. a3 Ba5 13. Na4 Nbd7 14. b4 cxb4 15.
Bd2 Rab8 16. Rab1 Rfc8 17. Qb3 d4 18. Bxb4 Bxb4 19. Qxb4 Qxb4 20. Rxb4 dxe3
1/2-1/2

[Event "Bulgaria tch 2005 femenino"]
[Site "Sunny Beach BUL"]
[Date "2005.09.29"]
[Round "6.1"]
[White "Genova, Ruzka"]
[Black "Jordanova, Svetla"]
[Result "1/2-1/2"]
[WhiteElo "2219"]
[BlackElo "2179"]
[PlyCount "81"]
[EventDate "2005.09.26"]
[EventType "tourn"]
[EventRounds "9"]
[EventCountry "BUL"]
[Source "lmi"]
[SourceDate "2005.10.02"]

1. d4 Nf6 2. Nf3 g6 3. c4 Bg7 4. Nc3 O-O 5. e4 d6 6. Be2 Na6 7. O-O e5 8. Be3
Ng4 9. Bg5 Qe8 10. h3 h6 11. Bc1 Nf6 12. dxe5 dxe5 13. Be3 c6 14. c5 Nb8 15.
Qd6 Nbd7 16. Bc4 Kh7 17. b4 Rg8 18. Bb3 Bf8 19. Qd3 g5 20. Nd2 Nh5 21. Nc4 Nf4
22. Bxf4 gxf4 23. Kh2 Nf6 24. Qf3 Rg5 25. Rfd1 Be6 26. Nd6 Bxd6 27. Rxd6 a5 28.
Bxe6 fxe6 29. Rb1 axb4 30. Rxb4 Rg7 31. Na4 Qf7 32. Rd1 Rag8 33. Nb2 Qe7 34.
Nd3 Qc7 35. Rdb1 Qa5 36. R1b2 Nd7 37. Rxb7 Nxc5 38. Rxg7+ Rxg7 39. Rc2 Nd7 40.
Nc1 Qa7 41. Nb3 1/2-1/2

[Event "Bulgaria tch 2005 femenino"]
[Site "Sunny Beach BUL"]
[Date "2005.09.29"]
[Round "6.1"]
[White "Doncheva, Marinela"]
[Black "Genova, Liubka"]
[Result "1/2-1/2"]
[WhiteElo "2070"]
[BlackElo "2235"]
[PlyCount "76"]
[EventDate "2005.09.26"]
[EventType "tourn"]
[EventRounds "9"]
[EventCountry "BUL"]
[Source "lmi"]
[SourceDate "2005.10.02"]

1. d4 Nf6 2. c4 e6 3. Nc3 Bb4 4. e3 b6 5. Nge2 Ba6 6. a3 Be7 7. Ng3 c6 8. Bd3
d5 9. b3 Bb7 10. O-O Nbd7 11. cxd5 cxd5 12. Bb2 h5 13. f3 h4 14. Nge2 Qb8 15.
Qd2 a6 16. Rad1 Nh5 17. e4 dxe4 18. fxe4 Ndf6 19. e5 Nd5 20. Be4 Qd8 21. b4 Bg5
22. Qd3 Be3+ 23. Kh1 Ng3+ 24. Nxg3 hxg3 25. h3 Bf2 26. Qf3 Qh4 27. Rxf2 gxf2
28. Nxd5 Bxd5 29. Bxd5 exd5 30. Qxd5 O-O 31. Qf3 Rac8 32. Rd2 f1=Q+ 33. Qxf1
Qe4 34. d5 Rc2 35. Rxc2 Qxc2 36. Bd4 b5 37. Bc5 Rd8 38. Qf3 Qd2 1/2-1/2

[Event "Bulgaria tch 2005 femenino"]
[Site "Sunny Beach BUL"]
[Date "2005.09.29"]
[Round "6.1"]
[White "Savova, Stefka"]
[Black "Hristova, Hristina"]
[Result "1-0"]
[WhiteElo "2211"]
[BlackElo "2080"]
[PlyCount "60"]
[EventDate "2005.09.26"]
[EventType "tourn"]
[EventRounds "9"]
[EventCountry "BUL"]
[Source "lmi"]
[SourceDate "2005.10.02"]

1. Nf3 Nf6 2. d3 g6 3. e4 d6 4. c3 Bg7 5. Nbd2 Nbd7 6. Qc2 e5 7. g3 Qe7 8. Bg2
O-O 9. a4 Ne8 10. a5 a6 11. b4 f5 12. Qb3+ Kh8 13. h4 Ndf6 14. Ng5 h6 15. exf5
gxf5 16. Ba3 Nh7 17. Nxh7 Kxh7 18. Qc2 Nf6 19. O-O Kh8 20. Rfe1 Nh5 21. Qd1 Qf7
22. Bf3 Nf6 23. Qe2 Rg8 24. Kh1 e4 25. dxe4 fxe4 26. Nxe4 Nxe4 27. Bxe4 Bxc3
28. Rac1 Be5 29. Qd2 Qg7 {Diagram #} 30. Rxc7 Qxc7 1-0

[Event "Bulgaria tch 2005 femenino"]
[Site "Sunny Beach BUL"]
[Date "2005.09.29"]
[Round "6.2"]
[White "Dimitrova, Leila"]
[Black "Boneva, Zvezdelina"]
[Result "1-0"]
[WhiteElo "2119"]
[BlackElo "2010"]
[PlyCount "53"]
[EventDate "2005.09.26"]
[EventType "tourn"]
[EventRounds "9"]
[EventCountry "BUL"]
[Source "lmi"]
[SourceDate "2005.10.02"]

1. e4 e6 2. d3 d5 3. Nd2 Nf6 4. Ngf3 c5 5. c3 Nc6 6. g3 Qc7 7. Bg2 Be7 8. O-O
O-O 9. Re1 b6 10. e5 Nd7 11. Qe2 Ba6 12. Nf1 Rac8 13. Bf4 b5 14. h4 Qb6 15.
N1h2 Na5 16. Ng5 b4 17. Bf1 Nc6 18. Qh5 Bxg5 19. hxg5 Qd8 20. Ng4 Kh8 21. Kg2
Rg8 22. d4 Bxf1+ 23. Rxf1 g6 24. Qh3 cxd4 25. Nf6 Rg7 26. Rh1 h5 {Diagram #}
27. Qxh5+ $1 1-0